Pokémon - Les attaques de Ronflex - Statistiques

Statistiques générales
  • Ce quiz a été pris 39 fois
  • Le résultat moyen est 9 sur 27
Statistiques - réponses
Niveaux Types Noms des coups % Correct
Départ Normal Charge
83%
Niveau 28 Normal Plaquage
83%
Niveau 20 Psy Repos
83%
Niveau 24 Ténèbres Mâchouille
66%
Niveau 16 Ténèbres Morsure
62%
Niveau 56 Normal Giga Impact
52%
Niveau 20 Normal Blabla Dodo
48%
Départ Spectre Léchouille
45%
Niveau 20 Normal Ronflement
45%
Niveau 32 Acier Tacle Lourd
41%
Niveau 36 Psy Amnésie
38%
Niveau 12 Normal Bâillement
34%
Départ Normal Boul'Armure
34%
Niveau 40 Sol Cavalerie Lourde
28%
Départ Ténèbres Dégommage
17%
Niveau 44 Combat Marto-Poing
17%
Niveau 48 Normal Cognobidon
14%
Départ Normal Gigotage
14%
Départ Normal Métronome
14%
Départ Normal Stockage
14%
Départ Normal Avale
10%
Niveau 52 Poison Éructation
10%
Départ Normal Recyclage
10%
Départ Normal Barrage
7%
Départ Normal Grincement
7%
Départ Normal Dernier Recours
3%
Départ Normal Implore
3%
Aucun quiz correspondant
Distribution des résultats
% des personnes avec chaque résultat
Percentile par nombre de réponses
Votre historique - résultats
Vous n’avez pas pris ce quiz